000 00858nam a2200253 i 4500
003 IT-RoINE
005 20141107112719.0
008 990205s1998 sp | r |1| |bspa d
020 _a8427122071
040 _aSpMaBN
_bspa
_cIT-RoINE
_erdc
245 1 0 _aSaberes y sabores :
_bhomenaje a Luis Alonso Schökel, S.J. /
_cGuillermo Martín Rodríguez (ed.).
260 _aBilbao :
_bMensajero,
_c[1998].
300 _a270 p. ;
_c22 cm.
336 _2rdacontent
_atext
337 _2rdamedia
_aunmediated
338 _2rdacarrier
_avolume
490 1 _aTestimonios
504 _aBibliografía: p. 243-268
600 1 4 _aAlonso Schökel, Luis,
_cS.I.,
_d1920-1988
_92118
700 1 0 _aAlonso Schökel, Luis,
_cS.I.,
_d1920-1988
_92118
700 1 0 _97420
_aMartín Rodríguez, Guillermo,
_d1938-
830 0 _aTestimonios (Ediciones Mensajero)
_97422
942 _cMTS
999 _c3607
_d3607